00613nam a2200253Ia 4500008004100000040001200041082002200053082001500075100002400090245001700114260002100131300000700152300000600159300001400165530002200179530001700201563001000218600002400228630001700252650003500269650001400304700002400318730001700342160716s9999||||xx |||||||||||||| ||und|| cenglish aix/venkateshwaran bBORI-92180 ap. s. venkateswaran ayoga for you bjaico publishing a32 ca epaperback bbalkrishna limaye u00092156.pdf astudy ap. s. venkateswaran ayoga for you a"nyaya, yoga, tantra, vedanta" adarshanas ap. s. venkateswaran ayoga for you